[Event "chess.com SpeedChess Q2Sw"]
[Site "chess.com INT"]
[Date "2022.11.12"]
[Round "5"]
[White "Gubajdullin, Alexei"]
[Black "Grandelius, Nils"]
[Result "0-1"]
[WhiteTitle "FM"]
[BlackTitle "GM"]
[WhiteElo "2300"]
[BlackElo "2657"]
[WhiteFideId "4141202"]
[BlackFideId "1710400"]
[EventDate "2022.11.12"]

1. d4 d5 2. Nf3 Nf6 3. Bf4 Nh5 4. Bg5 h6 5. Bd2 c6 6. Nc3 Bf5 7. Ne5 Nf6 8. e3
Nbd7 9. Bd3 e6 10. Qf3 Bxd3 11. cxd3 Bd6 12. Qg3 Nh5 13. Qh3 Nhf6 14. f4 Qe7 15.
O-O O-O-O 16. e4 Bb4 17. Qf3 Kb8 18. a3 Bd6 19. b4 Nb6 20. Be3 h5 21. b5 c5 22.
a4 cxd4 23. Bxd4 Bc5 24. Ne2 dxe4 25. Qe3 Rxd4 26. Nxd4 Qd6 27. Ndc6+ bxc6 28.
Nxc6+ Qxc6 29. bxc6 Bxe3+ 30. Kh1 exd3 31. a5 Nbd5 32. Rfb1+ Kc7 33. Rb7+ Kxc6
34. Rxf7 Ne4 35. g3 d2 36. a6 Nec3 37. Rxg7 Rb8 38. Rb7 Rxb7 39. axb7 Kxb7 40.
Kg2 d1=Q 41. Rxd1 Nxd1 42. Kf3 Bg1 43. h3 Bh2 44. g4 hxg4+ 45. hxg4 Bxf4 46. Ke4
N1c3+ 47. Kd4 Kc6 48. Kc4 Kd6 49. g5 Bxg5 50. Kd4 Bf6+ 51. Kc4 a5 52. Kb3 Kc5
53. Ka3 e5 54. Kb3 e4 55. Kc2 Kc4 56. Kd2 a4 57. Kc2 a3 58. Kc1 Bg5+ 59. Kc2
Nb4# 0-1

[Event "chess.com SpeedChess Q2Sw"]
[Site "chess.com INT"]
[Date "2022.11.12"]
[Round "5"]
[White "Borisova, Ekaterina"]
[Black "Oparin, Grigoriy"]
[Result "1-0"]
[WhiteTitle "FM"]
[BlackTitle "GM"]
[WhiteElo "2223"]
[BlackElo "2683"]
[WhiteFideId "34124184"]
[BlackFideId "24125890"]
[EventDate "2022.11.12"]

1. d4 Nf6 2. c4 e6 3. Nc3 Bb4 4. f3 c5 5. d5 d6 6. e4 b5 7. Ne2 bxc4 8. Nf4 e5
9. Ne2 Nbd7 10. Ng3 Nb6 11. Be2 Ng8 12. O-O Ne7 13. f4 exf4 14. Bxf4 O-O 15. Nb5
Ba6 16. Nxd6 Ng6 17. Ngf5 Nxf4 18. Rxf4 Qf6 19. Rg4 g6 20. Qc1 c3 21. Qh6 cxb2
22. Rb1 Bd2 23. Qxd2 Bxe2 24. Qxe2 Kh8 25. Qxb2 Qxb2 26. Rxb2 gxf5 27. Nxf5 c4
28. Rc2 Rac8 29. h4 c3 30. h5 Na4 31. Nd6 Rb8 32. h6 Rb2 33. Rc1 c2 34. Kh2 Nc3
35. Rg7 Nxa2 36. Nxf7+ Rxf7 37. Rxf7 Kg8 38. Rg7+ Kf8 39. Rf1+ Ke8 40. Rxa7 c1=Q
41. Rxc1 Nxc1 42. Rxh7 Rb6 43. Kg3 Rg6+ 44. Kf4 Nd3+ 45. Kf5 Rxg2 46. e5 Rf2+
47. Ke4 Nc5+ 48. Kd4 Nd7 49. e6 Nf8 50. Ra7 Rh2 51. Ke5 Nxe6 52. dxe6 Rxh6 53.
Kd6 Kf8 54. Ra8+ Kg7 55. Ra1 Rh2 56. Rg1+ 1-0

[Event "chess.com SpeedChess Q2Sw"]
[Site "chess.com INT"]
[Date "2022.11.12"]
[Round "5"]
[White "Dauner, Benedikt"]
[Black "Shipov, Sergei"]
[Result "1-0"]
[WhiteTitle "FM"]
[BlackTitle "GM"]
[WhiteElo "2336"]
[BlackElo "2541"]
[WhiteFideId "16225899"]
[BlackFideId "4113624"]
[EventDate "2022.11.12"]

1. Nf3 Nf6 2. b3 c5 3. Bb2 g6 4. e3 Bg7 5. c4 O-O 6. Be2 b6 7. O-O Bb7 8. d3 e6
9. Nbd2 Nc6 10. a3 d5 11. Qc2 d4 12. exd4 cxd4 13. b4 Nh5 14. Rfe1 e5 15. Bf1
Re8 16. Qb3 Nf6 17. Ng5 h6 18. Nge4 Nxe4 19. Nxe4 Bf8 20. c5 bxc5 21. bxc5 Rb8
22. Qa4 Kg7 23. Rac1 f5 24. Ng3 Qd5 25. Qc2 Ba8 26. Ba1 h5 27. Ne2 Kh7 28. Qc4
Qxc4 29. Rxc4 Rb3 30. f4 Rxa3 31. fxe5 Nxe5 32. Rxd4 Bxc5 33. Kh1 Rxa1 34. Rxa1
Ng4 35. Rd7+ Kh6 36. h3 Nf2+ 37. Kh2 Bb6 38. Nf4 h4 39. Rc1 Be3 40. Rc4 g5 41.
Rd6+ Kh7 42. Rc7+ Kh8 43. Ng6+ Kg8 44. Rdd7 Bf4+ 45. Nxf4 gxf4 46. Rg7+ Kh8 47.
Rh7+ Kg8 48. Rcg7+ Kf8 49. d4 f3 50. Rf7+ Kg8 51. Bc4 fxg2 52. Rc7+ Kf8 53. Rh8# 1-0

[Event "chess.com SpeedChess Q2Sw"]
[Site "chess.com INT"]
[Date "2022.11.12"]
[Round "5"]
[White "Mika, Tomasz"]
[Black "Brodowski, Piotr"]
[Result "0-1"]
[WhiteTitle "CM"]
[BlackTitle "IM"]
[WhiteElo "2185"]
[BlackElo "2455"]
[WhiteFideId "1132970"]
[BlackFideId "1124480"]
[EventDate "2022.11.12"]

1. Nf3 c5 2. c4 Nc6 3. Nc3 g6 4. g3 Bg7 5. Bg2 e6 6. d4 cxd4 7. Nb5 Nge7 8. Nd6+
Kf8 9. Ng5 Ne5 10. f4 h6 11. fxe5 hxg5 12. Qxd4 Qa5+ 13. Bd2 Qxe5 14. Qxe5 Bxe5
15. Bb4 Kg7 16. e4 Rxh2 17. O-O Rxg2+ 18. Kxg2 f6 19. Ne8+ Kf7 20. Nxf6 Bxf6 21.
e5 Nf5 22. exf6 Ne3+ 23. Kf2 Nxf1 24. Rxf1 b6 25. Rh1 Kxf6 26. Rh7 e5 27. Bc3
Ke6 28. Ke3 Bb7 29. Rg7 Rc8 30. Rxg6+ Kf5 31. Rg7 Rxc4 32. Rxd7 Re4+ 33. Kd2 Ba6
34. Re7 g4 35. a3 Bc4 36. Kd1 a5 37. Kd2 a4 38. Re8 b5 39. Rf8+ Ke6 40. Rg8 Re2+
41. Kd1 Kf5 42. Rf8+ Kg6 43. Rg8+ Kf6 44. Rxg4 Rg2 45. Rh4 Kf5 46. Ke1 e4 47.
Rh5+ Kg4 48. Re5 Kf3 49. Rf5+ Ke3 50. Be5 Rg1+ 51. Rf1 Rxf1# 0-1

[Event "chess.com SpeedChess Q2Sw"]
[Site "chess.com INT"]
[Date "2022.11.12"]
[Round "5"]
[White "Czerw, Dawid"]
[Black "Yuan, Qingyu"]
[Result "0-1"]
[WhiteTitle "FM"]
[WhiteElo "2373"]
[BlackElo "2373"]
[WhiteFideId "1145746"]
[BlackFideId "8609772"]
[EventDate "2022.11.12"]

1. d4 d5 2. c4 e6 3. Nc3 Nf6 4. cxd5 exd5 5. Bg5 c6 6. e3 h6 7. Bh4 Be7 8. Bd3
O-O 9. Nge2 Re8 10. Qc2 Nbd7 11. O-O a5 12. f3 b5 13. Rad1 Ba6 14. Kh1 Qb6 15.
h3 c5 16. Bf5 g5 17. Bxd7 Nxd7 18. Nxd5 Qb7 19. Nxe7+ Rxe7 20. Bf2 b4 21. dxc5
Nxc5 22. e4 Ne6 23. Rfe1 Rc7 24. Qb1 Rac8 25. Nd4 Nxd4 26. Rxd4 Rc2 27. Rd8+ Kh7
28. Rxc8 Qxc8 29. Bd4 Bd3 30. Qd1 Qc4 31. Bf6 Kg6 32. e5 a4 33. b3 axb3 34. axb3
Qxb3 35. f4 Qd5 36. Qg4 Bf5 37. Qg3 b3 38. fxg5 h5 39. e6 fxe6 40. Rg1 b2 41.
Bxb2 Rxb2 42. Qc7 Rb7 43. Qc8 Rg7 44. Qe8+ Kxg5 45. Qf8 Kg6 46. Qh8 Qe5 47. Rf1
Qe4 48. Qf8 Kh7 49. Qf6 Qxg2# 0-1

[Event "chess.com SpeedChess Q2Sw"]
[Site "chess.com INT"]
[Date "2022.11.12"]
[Round "5"]
[White "Pham, Le Thao Nguyen"]
[Black "Alahakoon, Isuru"]
[Result "0-1"]
[WhiteTitle "IM"]
[BlackTitle "FM"]
[WhiteElo "2369"]
[BlackElo "1984"]
[WhiteFideId "12401226"]
[BlackFideId "9900993"]
[EventDate "2022.11.12"]

1. g4 d5 2. h3 Nc6 3. Bg2 e5 4. d3 Be6 5. Nc3 Qd7 6. Bg5 f6 7. Bh4 O-O-O 8. Qd2
Bb4 9. a3 Ba5 10. b4 Bb6 11. Nf3 Nge7 12. g5 Nf5 13. gxf6 Nxh4 14. Nxh4 gxf6 15.
e4 dxe4 16. Nxe4 Qe7 17. Rb1 Rhg8 18. Ng3 f5 19. Bxc6 bxc6 20. Nhxf5 Bxf5 21.
Nxf5 Qf6 22. Ne3 Qf3 23. Rf1 e4 24. Qe2 Qxh3 25. Kd2 exd3 26. cxd3 Rde8 27. Rh1
Qd7 28. Rhg1 Rgf8 29. Rg3 h5 30. Rf3 Rg8 31. Rh3 Rgf8 32. Rxh5 Rxf2 33. Qxf2
Bxe3+ 34. Qxe3 Rxe3 35. Kxe3 Qe8+ 36. Kd4 Qxh5 37. Kc3 Qe5+ 38. Kc2 Qe2+ 39. Kc3
Qe5+ 40. Kc2 Qd4 41. Re1 c5 42. Re4 Qf2+ 43. Kb3 cxb4 44. axb4 Qd2 45. Kc4 Kb7
46. Re5 Qc2+ 47. Kd4 Qb2+ 48. Ke4 Qxb4+ 49. d4 a5 50. Rf5 a4 51. Rc5 Qxc5 52.
dxc5 a3 53. Kd5 a2 54. Kc4 a1=Q 55. Kb5 Qb1+ 56. Kc4 Qc2+ 57. Kb5 c6+ 58. Ka5
Qxc5+ 59. Ka4 Qb5+ 60. Ka3 c5 61. Ka2 c4 62. Ka1 c3 63. Ka2 c2 64. Ka3 c1=Q+ 65.
Ka2 Qcb2# 0-1

[Event "chess.com SpeedChess Q2Sw"]
[Site "chess.com INT"]
[Date "2022.11.12"]
[Round "5"]
[White "Azarov, Sergei"]
[Black "Krishnakumar, Sriram"]
[Result "1-0"]
[WhiteTitle "GM"]
[BlackTitle "FM"]
[WhiteElo "2562"]
[BlackElo "2248"]
[WhiteFideId "13501470"]
[BlackFideId "30915856"]
[EventDate "2022.11.12"]

1. e4 e5 2. Nf3 Nc6 3. Bb5 a6 4. Ba4 Nf6 5. O-O b5 6. Bb3 Bc5 7. d3 d6 8. a3 h6
9. h3 O-O 10. Nc3 Rb8 11. Be3 Bxe3 12. fxe3 Be6 13. Qe1 Bxb3 14. cxb3 Nh7 15.
Nh4 Ne7 16. Qg3 Qd7 17. Nf5 Nxf5 18. Rxf5 c6 19. b4 Rbe8 20. Raf1 Re6 21. Qf2
Rf6 22. g4 Rg6 23. Kh2 Rf6 24. Qh4 Re8 25. Ne2 Qe7 26. Ng3 Rxf5 27. Qxe7 Rxe7
28. Nxf5 Rd7 29. Rc1 g6 30. Ng3 Rc7 31. d4 Nf6 32. Kg2 Kf8 33. Kf2 Ke7 34. Ke2
Nd7 35. Kd3 c5 36. bxc5 dxc5 37. b3 Kd6 38. b4 c4+ 39. Kc3 Ra7 40. Rf1 Nb6 41.
Rf6+ Kc7 42. Rxf7+ Kb8 43. Rf8+ Kb7 44. Rf7+ Ka8 45. Rxa7+ Kxa7 46. dxe5 Nd7 47.
e6 Nf6 48. e5 Nd5+ 49. Kd4 Ne7 50. h4 Kb6 51. h5 gxh5 52. gxh5 Nc6+ 53. Kd5 c3
54. Ne2 c2 55. Kd6 a5 56. e7 axb4 57. axb4 Nxe7 58. Kxe7 Kc6 59. Ke6 Kb6 60. Kd6
Kb7 61. e6 Kb6 62. e7 Kb7 63. e8=Q Kb6 64. Nc1 Kb7 65. Qxb5+ 1-0

[Event "chess.com SpeedChess Q2Sw"]
[Site "chess.com INT"]
[Date "2022.11.12"]
[Round "5"]
[White "Yu, Yangyi"]
[Black "Svane, Rasmus"]
[Result "1-0"]
[WhiteTitle "GM"]
[BlackTitle "GM"]
[WhiteElo "2716"]
[BlackElo "2619"]
[WhiteFideId "8603820"]
[BlackFideId "4657101"]
[EventDate "2022.11.12"]

1. e4 c6 2. d4 d5 3. e5 Bf5 4. Nf3 e6 5. c3 Ne7 6. Be2 Nd7 7. O-O Ng6 8. Ne1 Ne7
9. Nd2 c5 10. Bd3 Bxd3 11. Nxd3 Nc6 12. Nf3 Be7 13. Be3 cxd4 14. cxd4 Rc8 15.
Rc1 O-O 16. Nd2 Qa5 17. Qg4 Rfe8 18. a3 Qb5 19. Rc3 Na5 20. Rfc1 Nb6 21. h4 Rxc3
22. Rxc3 Na4 23. Bh6 g6 24. Nf4 Nxc3 25. bxc3 Nc4 26. Nxc4 dxc4 27. Kh2 Qc6 28.
f3 f5 29. exf6 Bxf6 30. Nxg6 Qc7+ 31. Kh3 Bg7 32. Ne5 Kh8 33. Bf4 Qe7 34. Qh5
Kg8 35. Bg5 Qf8 36. Nxc4 Qf5+ 37. Kh2 Rf8 38. Nd6 Qg6 39. Qg4 e5 40. Ne4 exd4
41. cxd4 Bxd4 42. h5 Qf5 43. Qg3 Be5 44. Bf4+ Bg7 45. h6 Rf7 46. Be3 Qh5+ 47.
Kg1 Qg6 48. Qxg6 hxg6 49. hxg7 Kxg7 50. Bxa7 Rf5 51. Bc5 Rd5 52. Bb4 Rd3 53. Kh2
Kf7 54. Nd6+ Ke6 55. Nxb7 g5 56. Nc5+ 1-0

[Event "chess.com SpeedChess Q2Sw"]
[Site "chess.com INT"]
[Date "2022.11.12"]
[Round "5"]
[White "Gokerkan, Cem Kaan"]
[Black "Hakobyan, Aram"]
[Result "0-1"]
[WhiteTitle "IM"]
[BlackTitle "GM"]
[WhiteElo "2470"]
[BlackElo "2613"]
[WhiteFideId "6336760"]
[BlackFideId "13306677"]
[EventDate "2022.11.12"]

1. e4 c6 2. d4 d5 3. e5 Bf5 4. h4 h6 5. g4 Bd7 6. h5 e6 7. f4 c5 8. Nf3 Nc6 9.
c3 Qb6 10. Kf2 O-O-O 11. Kg3 Kb8 12. a4 cxd4 13. a5 Nxa5 14. Nxd4 Nc6 15. Be3
Bc5 16. Nxc6+ Bxc6 17. Bxc5 Qxc5 18. Qd4 Qxd4 19. cxd4 Ne7 20. Nc3 Rc8 21. Bd3
Bd7 22. Kf2 Rc7 23. Ke3 Rhc8 24. Rhg1 a6 25. Raf1 Nc6 26. f5 Nb4 27. Bb1 a5 28.
f6 gxf6 29. Rxf6 a4 30. Rxf7 a3 31. bxa3 Rxc3+ 32. Kd2 Be8 33. Re7 Rxa3 34. Rxe6
Rb3 35. g5 Rb2+ 36. Ke3 Rc3+ 37. Kf4 Rf2+ 38. Kg4 Bd7 39. Bf5 Rcf3 40. gxh6 Rf4+
41. Kg3 R2f3+ 42. Kg2 Rf2+ 43. Kg3 Rxf5 44. h7 R2f3+ 45. Kg2 Rf8 46. Rg6 Rf2+
47. Kg3 R8f3+ 48. Kh4 Rh2+ 49. Kg5 Rf5+ 50. Kh6 Rfxh5+ 51. Kg7 Rxh7+ 52. Kf6
Rf2+ 53. Kg5 Rf5+ 54. Kg4 Rxe5+ 55. Kf4 Re4+ 56. Kf3 Rf7+ 57. Kg3 Nd3 58. Rg8+
Kc7 59. Kh2 Re2+ 60. R1g2 Rxg2+ 61. Rxg2 Rf2 62. Kg3 Rxg2+ 63. Kh4 Nc1 64. Kh5
Nb3 65. Kh6 Nxd4 66. Kh5 Rg4 67. Kh6 Be8 68. Kh7 Rg6 69. Kh8 Ne6 70. Kh7 d4 71.
Kh8 Bf7 72. Kh7 Nf8+ 73. Kh8 Rg8# 0-1

[Event "chess.com SpeedChess Q2Sw"]
[Site "chess.com INT"]
[Date "2022.11.12"]
[Round "5"]
[White "Feng, Eric"]
[Black "Fernandez Guillen, Ernesto J."]
[Result "1-0"]
[BlackTitle "IM"]
[WhiteElo "1885"]
[BlackElo "2462"]
[WhiteFideId "30952590"]
[BlackFideId "3512428"]
[EventDate "2022.11.12"]

1. d4 Nf6 2. c4 e6 3. Nf3 Be7 4. g3 O-O 5. Bg2 b6 6. O-O Bb7 7. Nc3 d5 8. cxd5
exd5 9. Bf4 Re8 10. Rc1 Na6 11. Ne5 Bf8 12. Nb5 c5 13. dxc5 bxc5 14. Nc4 Re6 15.
Ne3 Bc6 16. Na3 h6 17. h4 Nb4 18. Nec2 Nxa2 19. Ra1 Nb4 20. Nxb4 cxb4 21. Nc2
Bc5 22. Be3 Bxe3 23. Nxe3 d4 24. Bxc6 Rxc6 25. Nc2 a5 26. Nxd4 Rd6 27. e3 Rd5
28. Qf3 Qd7 29. Rfd1 Rd8 30. Rdc1 Rc8 31. Qd1 Rdc5 32. Rxc5 Rxc5 33. Qf3 a4 34.
Rd1 Qc8 35. Kg2 a3 36. bxa3 bxa3 37. Ra1 Ra5 38. Nc6 Qc7 39. Nxa5 Qxa5 40. e4 a2
41. Qe2 Qb4 42. Rxa2 Nxe4 43. Ra8+ Kh7 44. Qd3 g6 45. Qf3 Kg7 46. Ra7 Nf6 47.
Ra6 Qd4 48. Ra3 g5 49. hxg5 hxg5 50. Rd3 Qb2 51. Qf5 g4 52. Qg5+ Kf8 53. Rd8+
Ke7 54. Rd3 Qb7+ 55. Kh2 Qb2 56. Rd2 Qc3 57. Re2+ Kf8 58. Qf4 Kg7 59. Re5 Qb2
60. Qg5+ Kf8 61. Qxf6 Qb1 62. Rf5 1-0

[Event "chess.com SpeedChess Q2Sw"]
[Site "chess.com INT"]
[Date "2022.11.12"]
[Round "5"]
[White "Kaplan, Avi Harrison"]
[Black "Volkov, Maksim"]
[Result "1-0"]
[BlackTitle "FM"]
[WhiteElo "2046"]
[BlackElo "2357"]
[WhiteFideId "30934559"]
[BlackFideId "54123070"]
[EventDate "2022.11.12"]

1. a3 d5 2. Nf3 c5 3. b4 cxb4 4. axb4 Bg4 5. Ne5 Bh5 6. g4 f6 7. gxh5 fxe5 8. c4
e6 9. e4 dxe4 10. Nc3 Nf6 11. Bg2 Bxb4 12. Nxe4 Nxe4 13. Bxe4 Nc6 14. Bb2 O-O
15. Rg1 Qh4 16. Qe2 Bc5 17. O-O-O Rxf2 18. Qd3 h6 19. Rxg7+ Kxg7 20. Rg1+ Kf8
21. Bxc6 bxc6 22. Qh7 Qxc4+ 23. Bc3 Ba3+ 24. Kb1 Rb8+ 25. Ka1 Bb2+ 26. Bxb2 Qa4+
27. Kb1 Rxb2+ 28. Kxb2 Rxd2+ 29. Kc1 Qa1+ 30. Kxd2 Qd4+ 31. Kc2 Qxg1 32. Qxh6+
Ke7 33. Qh7+ Kd6 34. h6 Qxh2+ 35. Kc3 Qg3+ 36. Kc2 Qf2+ 37. Kc3 Qd4+ 38. Kc2 e4
39. Qg7 Qd3+ 40. Kb2 e3 41. h7 Qd2+ 42. Kb3 Qd5+ 43. Kc3 e2 44. Qg3+ Qe5+ 45.
Qxe5+ Kxe5 46. h8=Q+ Kf4 47. Kd2 Kf3 48. Qh5+ 1-0

[Event "chess.com SpeedChess Q2Sw"]
[Site "chess.com INT"]
[Date "2022.11.12"]
[Round "5"]
[White "Santos Ruiz, Miguel"]
[Black "Deac, Bogdan-Daniel"]
[Result "1/2-1/2"]
[WhiteTitle "GM"]
[BlackTitle "GM"]
[WhiteElo "2587"]
[BlackElo "2700"]
[WhiteFideId "22291482"]
[BlackFideId "1226380"]
[EventDate "2022.11.12"]

1. e4 e5 2. Nf3 Nc6 3. Bc4 Nf6 4. d3 Bc5 5. O-O d6 6. c3 O-O 7. Re1 a5 8. a4 h6
9. h3 Ba7 10. Nbd2 Ne7 11. d4 Ng6 12. Bd3 Re8 13. Nf1 c6 14. Ng3 Bb8 15. Qc2 Bc7
16. Be3 Be6 17. Rad1 Qe7 18. c4 Rad8 19. Nf5 Qf8 20. dxe5 dxe5 21. c5 Bxf5 22.
exf5 Nf4 23. Bxf4 exf4 24. Bc4 Rxe1+ 25. Rxe1 Nd5 26. Bb3 Re8 27. Rd1 Rd8 28.
Qe4 Qxc5 29. Rd4 Qd6 30. Qd3 Bb6 31. Re4 Qd7 32. Re5 Bc7 33. Re1 Bb6 34. Rd1 Qe7
35. Re1 Qc5 36. Re2 Qd6 37. Ne5 Bc7 38. Qf3 Qf6 39. Nd3 Qxf5 40. Nc5 b6 41. Ne4
Qd7 42. Rd2 Qf5 43. Re2 Be5 44. Rd2 g6 45. Rc2 Kg7 46. Rxc6 Nb4 47. Rxb6 Qd7 48.
Nc5 Qe7 49. Ne4 Qc7 50. Rb5 Rd3 51. Qe2 Rxb3 52. Nc5 Rxb2 53. Qc4 Rb1+ 54. Kh2
f3+ 55. g3 Bxg3+ 56. fxg3 Qe7 57. Qd4+ Kh7 58. Ne4 Rb2+ 59. Kh1 Rb1+ 60. Kh2
Rb2+ 61. Kh1 Rb1+ 62. Kh2 1/2-1/2

[Event "chess.com SpeedChess Q2Sw"]
[Site "chess.com INT"]
[Date "2022.11.12"]
[Round "5"]
[White "Mahdavi, Reza"]
[Black "Han, Yichen"]
[Result "1-0"]
[WhiteTitle "FM"]
[BlackTitle "FM"]
[WhiteElo "2316"]
[BlackElo "2423"]
[WhiteFideId "12595926"]
[BlackFideId "1054430"]
[EventDate "2022.11.12"]

1. e4 e5 2. Nf3 Nc6 3. Nc3 Nf6 4. g3 d5 5. exd5 Nxd5 6. Bg2 Nxc3 7. bxc3 Be6 8.
O-O Be7 9. Re1 Bf6 10. Rb1 Qc8 11. a4 O-O 12. d3 Re8 13. Bg5 e4 14. Rxe4 Bxc3
15. Bd2 Bf6 16. Ng5 Bxg5 17. Bxg5 b6 18. Qf3 Qd7 19. Rbe1 Nd4 20. Qd1 c5 21. c3
Nc6 22. d4 cxd4 23. cxd4 Nb4 24. d5 Nxd5 25. Rd4 h6 26. Bh4 g5 27. Bxd5 Bxd5 28.
Rxe8+ Qxe8 29. Rxd5 gxh4 30. Qg4+ Kh7 31. Qxh4 Qe6 32. Qd4 Rc8 33. Re5 Rc1+ 34.
Kg2 Qc6+ 35. Kh3 Qc8+ 36. g4 Rc3+ 37. Kh4 Rc4 38. Qd3+ Kg7 39. f3 Rc5 40. Qd4
Rxe5 41. Qxe5+ Kh7 42. Qe7 Qe6 43. Qxa7 Qf6+ 44. Kg3 Qd6+ 45. Kh3 Qf6 46. Qb7
Qe6 47. Qe4+ Qxe4 48. fxe4 Kg6 49. Kg3 Kf6 50. Kf4 Ke6 51. h4 f6 52. h5 Ke7 53.
Kf5 Kf7 54. e5 fxe5 55. Kxe5 Ke7 56. Kf5 Kf7 57. g5 Kg7 58. g6 1-0

[Event "chess.com SpeedChess Q2Sw"]
[Site "chess.com INT"]
[Date "2022.11.12"]
[Round "5"]
[White "Ljukin, Sergei"]
[Black "Liyanage, Ranindu Dilshan"]
[Result "0-1"]
[WhiteTitle "FM"]
[BlackTitle "FM"]
[WhiteElo "2362"]
[BlackElo "2331"]
[WhiteFideId "14102200"]
[BlackFideId "9915834"]
[EventDate "2022.11.12"]

1. e4 e6 2. d4 d5 3. Nc3 Nf6 4. Bg5 dxe4 5. Nxe4 Be7 6. Bxf6 gxf6 7. Nf3 a6 8.
Qe2 f5 9. Nc3 b5 10. O-O-O b4 11. Na4 Bb7 12. Nc5 Bd5 13. g3 Nd7 14. Bg2 Nxc5
15. dxc5 c6 16. Ne5 Qa5 17. Nxc6 Qxa2 18. Bxd5 Qa1+ 19. Kd2 Qxb2 20. Ke1 Bxc5
21. Bxe6 O-O 22. Bxf5 Rae8 23. Be4 Qc3+ 24. Kf1 f5 25. Bd5+ Kh8 26. Qf3 Qxc2 27.
Kg2 f4 28. g4 Re2 29. Rhf1 Bb6 30. Rde1 Rd2 31. Be4 Qc5 32. Re2 Rd6 33. Qh3 Rf7
34. Qf3 Qg5 35. h3 h5 36. Rg1 Rg7 37. Kf1 Rd1+ 38. Re1 Rxe1+ 39. Kxe1 Qc5 40.
Kf1 Qc1+ 41. Kg2 Qc5 42. Kh2 hxg4 43. hxg4 Qg5 44. Kg2 b3 45. Kh2 Qh4+ 46. Kg2
Qxg4+ 47. Qxg4 Rxg4+ 48. Kf3 Rxg1 49. Kxf4 a5 50. Kf5 a4 51. Ke6 a3 52. f4 b2
53. f5 Rf1 54. f6 Rxf6+ 55. Kxf6 a2 0-1

[Event "chess.com SpeedChess Q2Sw"]
[Site "chess.com INT"]
[Date "2022.11.12"]
[Round "5"]
[White "Matveeva, Olga"]
[Black "Mouhamad, Joachim"]
[Result "1-0"]
[WhiteTitle "WIM"]
[BlackTitle "FM"]
[WhiteElo "2111"]
[BlackElo "2266"]
[WhiteFideId "24107018"]
[BlackFideId "656410"]
[EventDate "2022.11.12"]

1. d4 d5 2. c4 e6 3. Nf3 a6 4. cxd5 exd5 5. Nc3 Nf6 6. Bg5 Be6 7. e3 Nbd7 8. Bd3
c6 9. Qc2 Bd6 10. O-O Qc7 11. Rfe1 Bg4 12. e4 Bxf3 13. e5 Nxe5 14. dxe5 Bxe5 15.
gxf3 O-O 16. Kg2 h6 17. Bxf6 Bxf6 18. Nxd5 Qd6 19. Nxf6+ Qxf6 20. Bh7+ Kh8 21.
Be4 Rae8 22. Rad1 Re5 23. Kh1 Qh4 24. Rg1 Rh5 25. Rg2 f5 26. Bd3 Rf6 27. Rdg1
Qf4 28. Be2 Rg6 29. Qc4 Qd6 30. Qd3 Qc7 31. Qd4 Rgg5 32. f4 Rh4 33. Qe5 Qxe5 34.
fxe5 Rxg2 35. Kxg2 Re4 36. Bf3 Rxe5 37. Rd1 Re7 38. Rd8+ Kh7 39. Kg3 Kg6 40. h4
Kf6 41. Kf4 g5+ 42. hxg5+ hxg5+ 43. Kg3 g4 44. Bd1 Ke5 45. Bb3 Rg7 46. Re8+ Kf6
47. Rf8+ Kg6 48. Kf4 Rd7 49. Bc2 Rd4+ 50. Ke3 Rb4 51. Bxf5+ Kg7 52. Rb8 Rxb2 53.
Bxg4 Kf6 54. a4 Ke5 55. Bf3 a5 56. Bxc6 Rb3+ 57. Ke2 Rb2+ 58. Kf1 Rb4 59. Rxb7
Rh4 60. Rb5+ Kd4 61. Rxa5 1-0

[Event "chess.com SpeedChess Q2Sw"]
[Site "chess.com INT"]
[Date "2022.11.12"]
[Round "5"]
[White "Sattarov, Bobir"]
[Black "Taboas Rodriguez, Daniel"]
[Result "1-0"]
[BlackTitle "FM"]
[WhiteElo "2433"]
[BlackElo "2359"]
[WhiteFideId "14203081"]
[BlackFideId "2208466"]
[EventDate "2022.11.12"]

1. e4 e5 2. Nf3 Nc6 3. Bb5 Nf6 4. d3 d6 5. O-O g6 6. d4 Bd7 7. d5 Ne7 8. Bxd7+
Nxd7 9. Be3 Bg7 10. Nfd2 O-O 11. c4 f5 12. f3 Nf6 13. Nc3 f4 14. Bf2 g5 15. c5
h5 16. Kh1 g4 17. Nc4 Ng6 18. Rc1 g3 19. Bg1 gxh2 20. Bf2 h4 21. cxd6 cxd6 22.
Nb5 Ne8 23. Be1 a6 24. Nba3 b5 25. Na5 Qg5 26. Qe2 Nf6 27. Rc6 Ne8 28. Nb7 Rf6
29. Nc2 Ne7 30. Nb4 Rh6 31. Rb6 a5 32. Nc6 a4 33. Nxe7+ Qxe7 34. Rxb5 Nf6 35.
Na5 Nh5 36. Rb7 Qg5 37. Nc6 Ng3+ 38. Bxg3 hxg3 39. Rc1 Bf8 40. Qb5 Qg6 41. Rb8
Rxb8 42. Qxb8 Rh7 43. Qc8 Qh5 44. Qe6+ Kh8 45. Nd8 Re7 46. Qf6+ Kg8 47. Rc8 Re8
48. Nc6 Rxc8 49. Qe6+ Kh7 50. Qxc8 Qf7 51. Qh3+ Kg8 52. Qg4+ Bg7 53. Qc8+ Kh7
54. Qd8 Qc7 55. Qxc7 1-0

[Event "chess.com SpeedChess Q2Sw"]
[Site "chess.com INT"]
[Date "2022.11.12"]
[Round "5"]
[White "Nyzhnyk, Illya"]
[Black "Costachi, Mihnea"]
[Result "1-0"]
[WhiteTitle "GM"]
[BlackTitle "IM"]
[WhiteElo "2687"]
[BlackElo "2476"]
[WhiteFideId "14118084"]
[BlackFideId "1217518"]
[EventDate "2022.11.12"]

1. c4 Nf6 2. Nc3 g6 3. g3 Bg7 4. Bg2 O-O 5. d4 d6 6. e4 Nc6 7. Nge2 e5 8. d5 Nd4
9. O-O c5 10. dxc6 Nxe2+ 11. Qxe2 bxc6 12. Rd1 Bg4 13. Bf3 Be6 14. b3 Qa5 15.
Na4 Rfd8 16. Bg5 h6 17. Bd2 Qc7 18. Qe1 Qe7 19. Bg2 Bg4 20. Rdc1 d5 21. Bb4 Qe8
22. Nc5 d4 23. Nd3 Bf8 24. Bxf8 Kxf8 25. h3 Bc8 26. f4 exf4 27. gxf4 Nh5 28. Qf2
Qe7 29. Rf1 a5 30. Rae1 Kg8 31. f5 Ra7 32. f6 Qe6 33. e5 a4 34. Qd2 Kh7 35. Nc5
Qe8 36. Kh2 axb3 37. axb3 d3 38. Rf3 Bf5 39. Rxf5 gxf5 40. Qf2 Qg8 41. Qxf5+ Qg6
42. Qxg6+ fxg6 43. Be4 Ra2+ 44. Kg1 d2 45. Rd1 Nf4 46. Kf2 Nxh3+ 47. Ke3 Ng5 48.
e6 Ra7 49. e7 Rb8 50. Bxc6 Nf7 51. Rxd2 Ne5 52. e8=Q Rxe8 53. Bxe8 Ng4+ 54. Kf4
Nxf6 55. Bb5 Rf7 56. Ke5 Ng4+ 57. Ke6 Rf6+ 58. Ke7 Rf3 59. Bd7 Ne5 60. Be6 g5
61. Kd6 Ng6 62. b4 Nf4 63. b5 Kg6 64. b6 Rf1 65. b7 Rb1 66. Bd7 Rb2 67. Rxb2 1-0

[Event "chess.com SpeedChess Q2Sw"]
[Site "chess.com INT"]
[Date "2022.11.12"]
[Round "5"]
[White "Stearman, Josiah"]
[Black "Jones, Gawain C B"]
[Result "0-1"]
[WhiteTitle "IM"]
[BlackTitle "GM"]
[WhiteElo "2377"]
[BlackElo "2623"]
[WhiteFideId "2062496"]
[BlackFideId "409561"]
[EventDate "2022.11.12"]

1. e4 e5 2. Nf3 Nc6 3. Bc4 d6 4. h3 Be7 5. Nc3 Nf6 6. d4 exd4 7. Nxd4 O-O 8. O-O
Re8 9. Bf4 Bf8 10. Nxc6 bxc6 11. Qf3 Be6 12. Bxe6 Rxe6 13. Rad1 Qe8 14. Rfe1 Nd7
15. Re3 Rf6 16. Qg3 Rg6 17. Qh4 Rb8 18. b3 Be7 19. Qh5 Nc5 20. e5 Ne6 21. Bh2 d5
22. Ne2 Rg5 23. Qf3 Bc5 24. Red3 Rb4 25. c4 dxc4 26. bxc4 Rxc4 27. Nf4 Rf5 28.
Nxe6 Rxf3 29. Rd8 fxe6 30. Rxe8+ Kf7 31. Rc8 Rxf2 32. Rxc7+ Kg6 33. Kh1 Rfc2 34.
Bg1 Rc1 35. Rcd7 Bb6 36. Bxb6 axb6 37. Rxc1 Rxc1+ 38. Kh2 b5 39. Re7 Rc2 40.
Rxe6+ Kf5 41. Re7 Rxa2 42. Rxg7 b4 43. Rxh7 c5 44. Rc7 Rc2 45. h4 b3 46. h5 b2
47. Rb7 c4 48. h6 Rd2 49. h7 Rd8 50. Rxb2 Rh8 51. Rc2 Rxh7+ 52. Kg3 Rc7 53. Kf3
Kxe5 54. Ke3 Kd5 55. g4 Re7+ 56. Kd2 Kd4 57. Rc1 Ra7 58. Rb1 Ra2+ 59. Kd1 Rg2
60. Rb7 Kd3 61. Rd7+ Kc3 62. Rf7 Rg1+ 63. Ke2 Rxg4 0-1